| 000 | 004580000a22001810004500 | ||
|---|---|---|---|
| 003 | MACL | ||
| 005 | 20160129152039.0 | ||
| 008 | 160129b xxu||||| |||| 00| 0 eng d | ||
| 040 |
_aMACL _cMACL |
||
| 041 | _aEnglish | ||
| 082 | _a910.54/SRI | ||
| 100 |
_aSrivastava, C B P _935492 |
||
| 245 | _aIndia and the World Changing Scenario | ||
| 260 |
_bKitab Mahal _c2001 _aAllahabad |
||
| 350 | _a100 | ||
| 650 |
_aTravel _935493 |
||
| 942 |
_cBK _k910.54/Sri _2ddc |
||
| 999 |
_c31250 _d31250 |
||